| 000 | 00699nam a2200241Ia 4500 | ||
|---|---|---|---|
| 003 | 0100 | ||
| 008 | 130227s9999 xx 000 0 und d | ||
| 040 | _cARRUPELIB | ||
| 050 | _aBX2250.C692 | ||
| 100 | _aColeman, Peter | ||
| 245 | _aChristian attitudes to marriage | ||
| 245 | _bfrom ancient times to the third millenium | ||
| 260 | _aLondon | ||
| 260 | _bSCM Press | ||
| 260 | _C2004 | ||
| 300 | _a269p. | ||
| 300 | _b 23 cm | ||
| 650 | _bNgugi wa Thiong'o - Knowledge - History | ||
| 650 | _cHistorical fiaction, Kenyan (English) - History & criticism | ||
| 650 | _dLiterature & history - African - History - 20th century | ||
| 700 | _aLangford, Michael (ed.) | ||
| 942 |
_2lcc _01 |
||
| 999 |
_c6194 _d6194 |
||